Statistics for Top 10 Oldest NBA Players Ever

Click here to take the quiz!

General Stats

  • This quiz has been taken 3,993 times
  • The average score is 3 of 10

Answer Stats

RankPlayer% Correct
5Kareem Abdul-Jabbar (42 Years Old + 6 Days)
61%
3Robert Parish (43 Years Old + 254 Days)
47%
10Karl Malone (40 Years Old + 325 Days)
43%
8John Stockton (41 Years Old + 35 Days)
27%
2Kevin Willis (44 Years Old + 244 Days)
24%
6Bob Cousy (41 Years Old + 151 Days)
19%
4Dikembe Mutombo (42 Years Old + 300 Days)
19%
9Charles Jones (41 Years Old + 30 Days)
9%
7Herb Williams (41Years Old + 129 Days)
8%
1Nat Hickey (45 Years Old + 362 Days)
6%

Score Distribution

Percentile by Number Answered

Percent of People with Each Score

Your Score History

You have not taken this quiz